Obras completas: (Registro nro. 37726)
[ vista simple ]
| 000 -CABECERA | |
|---|---|
| Longitud fija campo de control | 00676nam a2200193 4500 |
| 003 - • IDENTIFICADOR DELl NÚMERO DE CONTROL | |
| Identificador del número de control | CO-ViMGA |
| 040 ## - FUENTE DE LA CATALOGACIÓN | |
| Centro catalogador de origen | CO-ViMGA |
| Lengua de catalogación | spa |
| Centro transcriptor | CO-ViMGA |
| 082 04 - • NÚMERO DE LA CLASIFICACIÓN DECIMAL DEWEY | |
| Número de clasificación (R) | 320.986 |
| Número del ítem | G65o3 |
| 100 1# - • PUNTO DE ACCESO PRINCIPAL-NOMBRE DE PERSONA | |
| Nombre de persona | Gómez, Laureano, |
| Fechas asociadas al nombre | 1889 - 1965. |
| 245 10 - • TITULO PROPIAMENTE DICHO | |
| Título | Obras completas: |
| Resto del título | Tomo V, discursos académicos y doctrinados / |
| Mención de responsabilidad, etc. | Laureano Gómez. |
| 300 ## - • DESCRIPCIÓN FÍSICA | |
| Extensión | 355 p. ; |
| Otras características físicas | 23.5 cm. |
| 500 ## - • NOTA GENERAL | |
| Nota general | Incluye indice académicos y doctrinarios. |
| 650 14 - • PUNTO DE ACCESO ADICIONAL DE MATERIA - TÉRMINO DE MATERIA | |
| Término de materia o nombre geográfico como elemento inicial | Colombia - Historia. |
| 650 14 - • PUNTO DE ACCESO ADICIONAL DE MATERIA - TÉRMINO DE MATERIA | |
| Término de materia o nombre geográfico como elemento inicial | Colombia - Política y gobierno. |
| 650 14 - • PUNTO DE ACCESO ADICIONAL DE MATERIA - TÉRMINO DE MATERIA | |
| Término de materia o nombre geográfico como elemento inicial | Estadístas colombianos. |
| 700 1# - • PUNTO DE ACCESO ADICIONAL - NOMBRE DE PERSONA | |
| Nombre de persona | Ruiz Santos, Ricardo, |
| Término indicativo de función | compilador. |
| 942 ## - ENTRADA DE ELEMENTOS AGREGADOS (KOHA) | |
| Fuente de clasificaión o esquema | Dewey Decimal Classification |
| Koha [por defecto] tipo de item | LIbro |
| Perdido | Fuente de clasificación o esquema | Estado Físico | No para préstamo | Forma de adquisición | Localización permanente | Localización actual | Fecha adquisición | Préstamos totales | Signatura completa | Código de barras | Fecha última consulta | Número de copia | Fecha del precio de reemplazo | Tipo de item de Koha |
|---|---|---|---|---|---|---|---|---|---|---|---|---|---|---|
| Dewey Decimal Classification | Sala Especializada Tercer Piso | Biblioteca Pública Germán Arciniegas - Villavicencio | Biblioteca Pública Germán Arciniegas - Villavicencio | 11/01/2016 | 320.986 G65o3 | 31423 | 11/01/2016 | Ej. 1 | 11/01/2016 | LIbro |